| 000 | 00620nam a22002057a 4500 | ||
|---|---|---|---|
| 003 | BUBTL | ||
| 008 | 140129b xxu||||| |||| 00| 0 eng d | ||
| 020 | _a81-219-0519-2 | ||
| 082 |
_a651.75 _bPIM |
||
| 100 |
_976 _aPillai , R. S .N. |
||
| 245 |
_aCommercial correspondence & office management _cby R. S. N. Pillai & Bagavath. |
||
| 250 | _a6th ed. | ||
| 260 |
_aNew Delhi, _bS. Chand, _cc2000. |
||
| 300 |
_a[vi] , 468p . : _bill , 22cm . _cManagement . |
||
| 650 | 0 |
_939 _aManagement |
|
| 700 |
_91587 _aR. S. N. Pillai & Bagavath. |
||
| 856 |
_k0 _l0 _yDownload |
||
| 942 |
_2ddc _cBK |
||
| 999 |
_c63 _d63 |
||